• 首页
  • 本馆介绍
  • 公告通知
  • 最新文献
  • 馆藏检索
  • 电子资源
  • 读者导购
  • 参考咨询
  • 我的图书馆
  • 登录
  • 详细信息显示
  • 放入我的书架
  • 预约/预借图书
  • 作者相关作品
  • 分类相关作品
  • 丛书相关作品
  • 出版社相关作品

书目信息

  • 表格格式
  • 工作单格式
  • 卡片格式
题名:
公式和数表
    
 
作者: ;北京市高等院校数学编写组 编
分册:  
出版信息: 北京   人民教育出版社  1973
页数: 92页
开本: 19cm
丛书名:
单 册:
中图分类: O1-64
科图分类:
主题词: 数学
电子资源:
ISBN:
000 00535nam0 2200181 45
001 0405211099
005 20060818165641.28
010    @dCNY0.24
100    @a20040521d1973 km y0chiy0120 ea
101 0  @achi
200 1  @a公式和数表@Agong shi he shu biao@f北京市高等院校数学编写组编@FBei Jing Shi Gao Deng Yuan Xiao Shu Xue Bian Xie Zu Bian
210    @a北京@c人民教育出版社@d1973
215    @a92页@d19cm
606 0  @a数学
690    @aO1-64@v3
711 02 @a北京市高等院校数学编写组@4编
801    @aCN@bPftUser@c20060818
905    @dO1-64@e3
    
    公式和数表/北京市高等院校数学编写组编.-北京:人民教育出版社,1973
    92页;19cm
    
    
    ISBN :CNY0.24
    
●
相关链接 在E读中查询图书 在五车中查询图书 在当当中查询图书 在豆瓣中查询图书


正题名:公式和数表     索取号:O1-64/3         预约/预借

序号 登录号 条形码 馆藏地/架位号 状态 备注
1 0006676   001598168   第二样本阅览室/ [索取号:O1-64/3] 在馆    
2 0006677   001234630   密集书库/ [索取号:O1-64/3] 在馆    
3 0006678   001234667   密集书库/ [索取号:O1-64/3] 在馆    
4 0006682   001234685   密集书库/ [索取号:O1-64/3] 在馆    
5 0006683   001234658   密集书库/ [索取号:O1-64/3] 在馆    
6 0006684   001234710   密集书库/ [索取号:O1-64/3] 在馆    
7 0448353   204483530   密集书库/ [索取号:O1-64/3] 在馆    
8 0468767   204687678   密集书库/ [索取号:O1-64/3] 在馆    
唐山师范学院图书馆 欢迎您!
大连网信软件有限公司© 版权所有